INVESTMENT Decisions AND CAPITAI COSTS (Record no. 11405)

MARC details
000 -LEADER
fixed length control field 00384nam a22001577a 4500
003 - CONTROL NUMBER IDENTIFIER
control field OSt
005 - DATE AND TIME OF LATEST TRANSACTION
control field 20211011120546.0
008 - FIXED-LENGTH DATA ELEMENTS--GENERAL INFORMATION
fixed length control field 211011b |||||||| |||| 00| 0 eng d
040 ## - CATALOGING SOURCE
Transcribing agency HU
082 ## - DEWEY DECIMAL CLASSIFICATION NUMBER
Classification number 332.6
100 ## - MAIN ENTRY--PERSONAL NAME
Personal name PORTERFIEID JOMES T,S.
9 (RLIN) 12314
245 ## - TITLE STATEMENT
Title INVESTMENT Decisions AND CAPITAI COSTS
260 ## - PUBLICATION, DISTRIBUTION, ETC.
Place of publication, distribution, etc. NEW JERSEY
Name of publisher, distributor, etc. INC
Date of publication, distribution, etc. 1965
300 ## - PHYSICAL DESCRIPTION
Extent 151
942 ## - ADDED ENTRY ELEMENTS (KOHA)
Source of classification or shelving scheme Dewey Decimal Classification
Koha item type Books like text book referance book
Suppress in OPAC No
Holdings
Withdrawn status Lost status Source of classification or shelving scheme Damaged status Not for loan Home library Current library Shelving location Date acquired Total Checkouts Full call number Barcode Date last seen Copy number Price effective from Koha item type
    Dewey Decimal Classification     College of Business and Economics Library College of Business and Economics Library General Stacks 10/11/2021   332.6/POR MBEIJB 000001183 10/11/2021 1 10/11/2021 Books like text book referance book